LEADER 00941nam a2200265 i 4500 001 991001607409707536 005 20020503123537.0 008 981001s1989 it ||| | ita 020 $a8811583918 035 $ab10245583-39ule_inst 035 $aLE01281138$9ExL 040 $aDip.to Lingue$bita 100 1 $aShakespeare, William$0132200 245 10$aMacbeth/William Shakespeare ; introduzione, prefazione,traduzione e note di Nemi D'Agostino 260 $aMilano :$bGarzanti,$cc1989 300 $axlviii,180 p. ;$c18 cm. 440 2$aI grandi libri Garzanti ;$v391 500 $acon testo a fronte 700 1 $aD'Agostino, Nemi 907 $a.b10245583$b21-09-06$c27-06-02 912 $a991001607409707536 945 $aLE012 828.33 T5 DAG$g1$i2012000002319$lle012$o-$pE0.00$q-$rl$s- $t0$u24$v9$w24$x0$y.i10295707$z27-06-02 996 $aMacbeth$913137 997 $aUNISALENTO 998 $ale012$b01-01-98$cm$da $e-$fita$git $h0$i1 LEADER 01065nam0 22003013i 450 001 TO00343991 005 20231121125837.0 010 $a1565630521 100 $a20160623d1995 ||||0itac50 ba 101 | $aeng 102 $aus 181 1$6z01$ai $bxxxe 182 1$6z01$an 200 1 $a˜The œformation of the Christian biblical canon$fLee M. McDonald 205 $aRevised and expanded ed 210 $aPeabody, MA$cHendrickson$dİ1995 215 $aXXXVI, 340 p.$d23 cm. 606 $aBibbia$xCanone$2FIR$3RMLC314429$9I 676 $a220.12$9$v21 700 1$aMcDonald$b, Lee M.$3TO0V168634$4070$0739563 801 3$aIT$bIT-01$c20160623 850 $aIT-FR0017 899 $aBiblioteca umanistica Giorgio Aprea$bFR0017 912 $aTO00343991 950 0$aBiblioteca umanistica Giorgio Aprea$d 52CIS 7/141$e 52VM 0000569155 VM barcode:00056282. - Inventario:6944 DFLSVM$fA $h20050720$i20121204 977 $a 52 996 $aFormation of the Christian biblical canon$93637883 997 $aUNICAS